[Event "2nd Irena Warakomska Memorial-A"]
[Site "Suwalki"]
[Date "2018.08.08"]
[Round "9"]
[White "Sadzikowski, Daniel"]
[Black "Gumularz, Szymon"]
[Result "0-1"]
[WhiteElo "2575"]
[BlackElo "2458"]
[Annotator "TA RC"]
[PlyCount "104"]
[EventDate "2018.08.01"]
[EventType "swiss"]
[EventCountry "POL"]
[SourceTitle "playchess.com"]
[Source "ChessBase"]
[SourceQuality "1"]

{[%evp 14,104,32,27,41,33,27,-1,36,7,15,0,-6,-2,0,-38,-18,-97,-22,-22,-21,-18,0,0,0,-422,31,0,18,20,52,22,19,29,12,0,52,50,37,0,0,0,0,0,0,-3,0,0,0,-22,-22,-216,-215,-243,-237,-279,-279,-263,-237,-385,-385,-385,-376,-385,-372,-497,-484,-1540,-1428,-4786,-4786,-4786,-4630,-4779,-4741,-4779,-4779,-4268,-3258,-4741,-4779,-4741,-4652,-4644,-4630,-4630,-4630,-29978,-29979,-29986,-29987,-29986,-4622]} 1. c4 e5 2. g3 c6 3. Nf3 e4 4. Nd4 {[%cal Bf3d4,Bd4c2,Bc2e3][%mdl 32]} d5 5. cxd5 Qxd5 6. Nc2 {A20: Englische Eröffnung} Nf6 7. Nc3 Qh5 8. Ne3 {LiveBook: 9 Partien. Weiß steht etwas besser.} Bb4 (8... Bc5 9. Qc2 Qe5 10. Bg2 Bxe3 11. fxe3 Bf5 12. b4 O-O 13. Bb2 {1-0 (41) Aronian,L (2801)-Papaioannou,I (2652) Heraklio 2017}) 9. Qc2 Bxc3 10. Qxc3 Bh3 $146 ({Vorgänger:} 10... O-O 11. b3 Nd5 12. Qd4 Nxe3 13. Qxe3 {1-0 (52) Stork,O (2111)-Karpatchev,A (2469) Lueneburg 2018}) 11. g4 Bxg4 12. Nxg4 Qxg4 13. Bh3 Qh5 14. Rg1 (14. Bc8 $5 {[%cal Rc8b7]} Nbd7 15. Bxb7 $11) 14... Nbd7 $1 15. Qe3 (15. d4 $11 {bleibt in der Remisbreite.}) 15... O-O-O (15... O-O $17 16. b3 Qe5) 16. Rg5 $11 Qh4 $1 17. b3 Nd5 18. Rxd5 $1 cxd5 19. Qxa7 $2 {[%mdl 8192]} (19. Qc5+ $1 $11 Kb8 20. Qd6+ Ka8 21. Bxd7) 19... e3 $2 (19... Qxh3 $19 20. Bb2 Kc7 21. Rc1+ Kd6 22. Qxb7 Qg2 23. Rc6+ Ke7) 20. dxe3 {Beabsichtigt La3 und Matt.} (20. Bb2 $5 {[%cal Ra1c1]} Qxf2+ 21. Kd1 Qg1+ 22. Kc2 Qg6+ 23. d3 $11) 20... Qf6 21. Rb1 Qa6 22. Qxa6 (22. Qd4 {looks sharper.} Kb8 23. Bb2 f6 24. Qxd5 Ne5 25. Qc5) 22... bxa6 23. Bb2 {Droht Td1 und aus.} Kb7 24. Kd2 f6 (24... Nc5 $11) 25. Rg1 $14 g6 26. Rg4 Rhe8 27. Rh4 h5 28. Bxd7 Rxd7 29. Bxf6 $11 {[%mdl 4096] Endspiel KTT-KTL} Rf7 30. Rb4+ Kc6 31. Ra4 Kb5 32. Bh4 $2 {[#]} (32. Rf4 $11) 32... Re4 $1 $19 33. Rxe4 dxe4 {KT-KL} 34. a3 Rf5 35. Bg3 g5 36. h4 (36. Ke1 $142) 36... gxh4 37. Bxh4 Rf7 38. Ke1 Kc5 39. Kf1 Rb7 40. f3 (40. b4+ $142 Kc4 41. f3) 40... Rxb3 41. Be7+ Kd5 42. Kf2 Ke6 43. Bc5 Kf5 44. Be7 Rb2 45. Bb4 Ra2 46. Be7 a5 {[%cal Ba6a5,Ba5a4][%mdl 32]} 47. Bc5 a4 48. Be7 {[#]} h4 $1 {[%cal Bh5h4,Bh4h3][%mdl 544]} 49. Bc5 (49. Bxh4 Rxa3) 49... h3 {( -> ...h2)} 50. Kg3 exf3 {Schwarz setzt Matt.} 51. e4+ Kxe4 52. exf3+ Ke5 {Precision: Weiß = 29%, Schwarz = 62%.} (52... Kd5 $142 53. Bg1 Rg2+ 54. Kxh3 Rxg1 55. f4 Ra1 56. f5 Rxa3+ 57. Kg2 Rc3 58. Kf2 a3 59. f6 Ke6 60. f7 Kxf7 61. Kf1 a2 62. Kf2 a1=Q 63. Kg2 Qb2+ 64. Kh1 Rc1#) 0-1

[Event "2nd Irena Warakomska Memorial-A"]
[Site "Suwalki"]
[Date "2018.08.08"]
[Round "9"]
[White "Markowski, Tomasz"]
[Black "Teclaf, Pawel"]
[Result "1/2-1/2"]
[WhiteElo "2562"]
[BlackElo "2362"]
[Annotator "TA"]
[PlyCount "83"]
[EventDate "2018.08.01"]
[EventType "swiss"]
[EventCountry "POL"]
[SourceTitle "playchess.com"]
[Source "ChessBase"]
[SourceQuality "1"]

{[%evp 13,83,15,29,11,23,0,8,11,25,24,31,-5,4,-7,12,-6,0,-17,0,0,0,6,27,14,16,27,20,24,14,5,28,0,18,17,50,35,40,-84,58,0,3,15,4,6,15,0,0,0,0,0,0,0,0,0,0,0,43,2,2,2,2,2,2,2,2,0,0,0,0,1,7,0]} 1. c4 Nf6 2. Nf3 g6 3. g3 Bg7 4. Bg2 d5 5. Qa4+ Nbd7 6. cxd5 {A15: English Opening: 1...Nf6} O-O 7. O-O Nxd5 {LiveBook: 3 Games} 8. Nc3 {White has an edge.} N7b6 9. Qc2 $146 (9. Qa5 {with more complications.} Qd6 10. d3 c6 11. Bd2 Qd8 12. Rac1) (9. Qa5 c6 10. d4 Bg4 11. Rd1 Nxc3 12. bxc3 Qd5 {½-½ (57) Markowski,T (2557)-Teclaf,P (2372) Warsaw 2017}) ({Predecessor:} 9. Qa5 c6 10. d4 Bf5 11. Re1 Nxc3 12. bxc3 Be4 {0-1 (58) Artemiev,V (2696)-Sarana,A (2543) St Petersburg 2017}) 9... c5 10. d3 Nxc3 11. bxc3 Bd7 {[%cal Bc8d7,Bd7a4,Ba4c6][%mdl 32]} 12. Bd2 Ba4 13. Qc1 Re8 14. Rb1 Bc6 15. Bh6 Bh8 16. Qa3 Nd7 17. Qb3 Qb6 18. Nd2 Bxg2 19. Kxg2 Qc6+ 20. f3 b6 21. Nc4 Rab8 22. Bf4 Rbd8 23. a4 Nf6 24. Be5 Qe6 {next ...Nd5 is good for Black.} 25. a5 (25. Rfe1 $14 {stays ahead.}) 25... bxa5 (25... Nd5 $17 26. e4 (26. Bxh8 Qxe2+ 27. Rf2 Qxd3 $17) 26... Bxe5 27. exd5 Qxd5 28. axb6 axb6) 26. Bxf6 (26. Rb2 $14) 26... Bxf6 27. Qc2 Rb8 28. Ra1 Rb5 29. Nxa5 Reb8 {[#] ...Rb2 is the strong threat.} 30. Nc4 Rb3 31. Rxa7 Rxc3 32. Qd2 Kg7 33. Ra2 Rd8 {[#] Hoping for ...Rxc4.} 34. Qf4 Bd4 35. Rb1 Ra8 $132 {[%mdl 2048] The position is equal. Black has counterplay} 36. Qd2 $1 (36. Rxa8 $2 {too greedy.} Qxe2+ 37. Kh3 Rc2 $19) 36... Rxa2 37. Qxa2 h5 38. Rb6 Qd5 39. Rb3 Rc1 {( -> ...Rg1+)} 40. Rb1 $1 {[%cal Rb1c1]} Rxb1 41. Qxb1 Qe6 42. Qc2 {Precision: White = 57%, Black = 51%.} 1/2-1/2

[Event "2nd Irena Warakomska Memorial-A"]
[Site "Suwalki"]
[Date "2018.08.08"]
[Round "9"]
[White "Czarnota, Pawel"]
[Black "Omelja, Artem"]
[Result "1/2-1/2"]
[WhiteElo "2548"]
[BlackElo "2431"]
[Annotator "TA"]
[PlyCount "29"]
[EventDate "2018.08.01"]
[EventType "swiss"]
[EventCountry "POL"]
[SourceTitle "playchess.com"]
[Source "ChessBase"]
[SourceQuality "1"]

{[%evp 10,25,12,16,19,24,18,18,21,20,0,0,23,19,42,20,24,14]} 1. e4 e5 2. Nf3 Nc6 3. Bb5 Nf6 4. d3 Bc5 5. Nbd2 d6 6. c3 {LiveBook: 31 Games. C65: Ruy Lopez: Berlin Defence (3...Nf6), unusual lines and 4 0-0 Bc5} a6 7. Bxc6+ bxc6 8. d4 {The position is equal.} exd4 9. cxd4 Bb6 10. Qc2 c5 11. d5 O-O 12. O-O Re8 13. b3 {[#]} {Predecessor:} Bg4 $146 14. Bb2 Bh5 15. Rae1 {1-0 (57) Anand,V (2782)-Grischuk,A (2772) Riadh 2017} 1/2-1/2

[Event "2nd Irena Warakomska Memorial-A"]
[Site "Suwalki"]
[Date "2018.08.08"]
[Round "9"]
[White "Vetoshko, Volodymyr"]
[Black "Godzwon, Iwo"]
[Result "1-0"]
[WhiteElo "2525"]
[BlackElo "2222"]
[Annotator "TA"]
[PlyCount "71"]
[EventDate "2018.08.01"]
[EventType "swiss"]
[EventCountry "POL"]
[SourceTitle "playchess.com"]
[Source "ChessBase"]
[SourceQuality "1"]

{[%evp 29,71,39,59,-45,22,14,24,6,22,29,19,15,63,62,102,102,143,54,77,93,84,62,169,160,157,162,141,164,134,147,206,174,169,177,179,178,168,177,287,272,279,285,904,887]} 1. e4 c5 2. Nf3 Nc6 3. Bb5 d6 4. O-O Bd7 5. Re1 a6 6. Bf1 Nf6 7. c3 Bg4 8. h3 Bxf3 9. Qxf3 g6 10. d3 Bg7 11. Be3 O-O {B51: Sizilianisch (Rossolimo-Variante)} 12. Nd2 Nd7 13. Qd1 b5 14. Nf3 b4 (14... Nb6 15. Qd2 Na4 16. Rac1 Re8 17. b3 Nb6 18. d4 Nd7 19. d5 {0-1 (58) Kovalev,V (2639)-Mamedov,R (2709) Riadh 2017}) 15. Qa4 Qc7 {LiveBook: 26 Partien} 16. cxb4 (16. Rac1 $14) 16... Nxb4 (16... Bxb2 $15 17. Rab1 Bc3) 17. Rac1 $146 {[#] Dxb4! ist eine echte Drohung.} ({Vorgänger:} 17. d4 Qb7 18. dxc5 Nxc5 19. Bxc5 dxc5 {1-0 (64) Vishnu,P (2496)-Akshat,K (2384) Bhopal 2013}) 17... Qb7 18. a3 Nb6 19. Qd1 Nc6 $1 20. d4 {[%cal Bd3d4,Bd4d5][%mdl 32]} Nd7 21. d5 $36 {[%mdl 2048] Weiss hat Druck.} Nce5 22. Nd2 Nb6 23. Rb1 ({Lieber} 23. b4 $16) 23... f5 {[#] Und weiter mit ...f4 wäre nett.} 24. f4 Ned7 25. b4 {Und bxc5 würde nun gewinnen.} fxe4 (25... Rab8 $14) 26. bxc5 $18 ({Jedoch nicht} 26. Nxe4 $6 Nxd5 27. Bf2 (27. bxc5 Qc6 $14) 27... Rxf4 $16) 26... dxc5 27. Bc4 Kh8 28. Nxe4 Qc7 29. Ba2 h6 (29... c4 $16 {ist wohl besser.}) 30. Qg4 Nf6 31. Qxg6 Nbxd5 32. Nxf6 Rxf6 33. Qe4 Nxe3 (33... e6 $142 34. Rbc1 (34. Bxd5 exd5 35. Qxd5 Rc6 $18) 34... Qf7 35. Rxc5 Rd8) 34. Qxa8+ Rf8 35. Qe4 (35. Qxa6 Qxf4 36. Rxe3 Qxe3+ 37. Kh1 Qf4 $11) 35... Rxf4 $2 (35... Nf5 36. Kh2 Qa5) 36. Qe6 {Precision: Weiß = 59%, Schwarz = 32%.} ({Schlechter ist} 36. Rxe3 Rxe4 37. Rxe4 Bf6 $11) ({Nicht} 36. Qxe3 $2 Bd4 $19) 1-0

[Event "2nd Irena Warakomska Memorial-A"]
[Site "Suwalki"]
[Date "2018.08.08"]
[Round "9"]
[White "Shtembuliak, Evgeny"]
[Black "Lewtak, Damian"]
[Result "0-1"]
[WhiteElo "2518"]
[BlackElo "2369"]
[Annotator "TA"]
[PlyCount "110"]
[EventDate "2018.08.01"]
[EventType "swiss"]
[EventCountry "POL"]
[SourceTitle "playchess.com"]
[Source "ChessBase"]
[SourceQuality "1"]

{[%evp 21,110,29,38,28,50,36,60,54,69,0,-18,-25,-14,-45,-34,-100,-100,-83,-93,-206,-192,-189,-173,-210,-145,-161,-93,-93,-93,-93,-93,-93,-93,-83,-67,-79,-87,-116,-103,-125,-115,-213,-178,-210,-136,-164,-175,-175,-164,-169,-148,-160,-139,-139,-133,-152,-132,-216,-222,-224,-222,-216,-211,-190,-146,-154,-79,-135,-135,-185,-189,-194,-202,-189,-189,-189,-189,-187,-180,-186,-147,-382,-362,-534,-589,-535,-524,-858,-850,-29981,-29982]} 1. c4 Nf6 2. Nc3 g6 3. Nf3 Bg7 4. g3 O-O 5. Bg2 d6 6. d4 Nc6 7. O-O a6 8. Bf4 Bd7 {E63: King's Indian: Fianchetto: Panno Variation with 7...a6} (8... Rb8 9. Rc1 h6 10. d5 e5 11. Bd2 Ne7 12. e4 Nd7 13. Ne1 f5 14. Nd3 Nf6 15. f4 Nxe4 16. Nxe4 fxe4 17. Bxe4 exf4 18. Nxf4 {½-½ (56) Tregubov,P (2575)-Amin,B (2689) Riadh 2017}) 9. Rc1 b5 10. b3 Rb8 11. d5 Na5 {LiveBook: 3 Games} 12. c5 $146 ({Predecessor:} 12. cxb5 axb5 13. b4 Nc4 14. Nd4 Nh5 15. e3 e5 16. dxe6 fxe6 17. Ncxb5 Bxb5 18. Nxe6 {½-½ (64) Savitskiy,S (2412)-Iljiushenok,I (2519) Sochi 2017}) 12... dxc5 13. Ne5 Qc8 14. Qd2 Bh3 15. Nd1 (15. Bxh3 $14 Qxh3 16. Nd1) 15... Bxg2 $11 16. Kxg2 b4 $1 17. Qd3 Rb5 18. Qf3 {[#]} (18. e4 $1 $15) 18... Nxd5 $1 {[%mdl 512]} 19. Qxd5 {Black must now prevent Nc6.} c4 $1 20. Qe4 (20. Nc6 $17 Qe8 21. Qe4 Nxc6 22. Rxc4) 20... cxb3 $19 21. axb3 {Strongly threatening Nc6.} Qe6 {[%cal Rg7e5]} 22. Rxc7 Bxe5 23. Bxe5 {[#] White wants to play f4.} Qxe5 ({But not} 23... Rxe5 24. Qxb4 Nxb3 25. Ne3 $15) ({Black should play} 23... f5 $1 $19 {[%cal Rf5e4]} 24. Qh4 Rxe5 25. Qxb4 f4) 24. Qxe5 $17 Rxe5 25. Ne3 Rd8 26. Rb1 Rd2 27. Kf1 Re6 28. Rc8+ Kg7 29. Rb8 Nc6 30. Rb6 a5 31. Nc4 (31. Ra1 $17) 31... Rc2 32. Ne3 Rc3 33. Nd5 Rc5 34. Nf4 Rd6 35. Rb2 Nd4 36. Rxd6 Rc1+ 37. Kg2 exd6 {[%mdl 4096] Endgame KRN-KRN} 38. e3 Rc2 39. Rb1 (39. Rxc2 $17 Nxc2 40. Nd3) 39... Nb5 $19 40. Ra1 Na3 41. Rd1 Rc3 42. Rd5 Rxb3 {Hoping for ...Nc4.} 43. Rxa5 {[#]} Rb1 (43... Nc4 $142 $1 {[%cal Rc4a5]} 44. Rb5 Rb1) 44. g4 (44. Nd3 $142) 44... Nc4 $17 45. Ra4 Ne5 46. g5 h6 47. h4 hxg5 48. hxg5 b3 {[%cal Bb4b3,Bb3b2][%mdl 32]} 49. Rb4 b2 50. Rb8 f5 51. gxf6+ $2 (51. Rb7+ $17 {was called for.} Kf8 52. Rb3) 51... Kxf6 $19 52. e4 (52. Nd5+ {keeps fighting.} Kg7 53. Rb4) 52... Kf7 53. Rb3 g5 54. Nd5 {[#]} Nd3 $1 {[%mdl 512]} 55. Rxd3 {[#]} Rg1+ $1 {[%mdl 512] Precision: White = 30%, Black = 77%.} 0-1

[Event "2nd Irena Warakomska Memorial-A"]
[Site "Suwalki"]
[Date "2018.08.08"]
[Round "9"]
[White "Venkataraman, Karthik"]
[Black "Kosakowski, Jakub"]
[Result "1-0"]
[WhiteElo "2501"]
[BlackElo "2361"]
[Annotator "TA"]
[PlyCount "51"]
[EventDate "2018.08.01"]
[EventType "swiss"]
[EventCountry "POL"]
[SourceTitle "playchess.com"]
[Source "ChessBase"]
[SourceQuality "1"]

{[%evp 19,51,31,31,28,31,28,38,-21,-22,-26,215,216,222,218,217,221,202,194,167,152,224,229,230,214,961,954,951,942,941,925,956,957,942,924]} 1. d4 d5 2. Nf3 Nf6 3. c4 e6 4. Nc3 a6 5. cxd5 exd5 6. Bg5 {D37: Queen's Gambit Declined: 5 Bf4} Be6 7. e3 Nbd7 8. Bd3 Bd6 9. Qc2 (9. O-O O-O 10. Rc1 c6 11. Bf4 Bxf4 12. exf4 Bg4 13. Be2 Bxf3 14. Bxf3 {1-0 (122) Nakamura,H (2769)-Caruana,F (2816) Paris 2018}) 9... c6 10. Bf4 Qc7 {LiveBook: 3 Games} 11. Bxd6 Qxd6 12. h3 h6 13. O-O-O $146 (13. O-O $14) ({Predecessor:} 13. a3 O-O {1-0 (57) Wang,H (2710)-Idani,P (2572) Qinhuangdao 2018}) 13... b5 $11 14. Kb1 O-O-O $2 {[#]} (14... O-O $11) 15. Bxb5 $1 $18 {[%mdl 512]} Kb7 ({But not} 15... axb5 $2 16. Nxb5 Nb8 17. Nxd6+ $18) 16. Bd3 c5 17. e4 {And now e5 would win.} c4 {[#]} 18. Bxc4 $1 {[%mdl 512]} dxc4 19. e5 Qc6 (19... Qc7 $16) 20. exf6 Nxf6 21. Ne5 Qxg2 $2 (21... Qc7 22. Na4 Ka7) 22. Rdg1 {White is clearly winning.} Qxh1 23. Rxh1 Rxd4 24. Rd1 Rhd8 25. Rxd4 Rxd4 26. Qa4 {Precision: White = 79%, Black = 34%.} 1-0

[Event "2nd Irena Warakomska Memorial-A"]
[Site "Suwalki"]
[Date "2018.08.08"]
[Round "9"]
[White "Leniart, Arkadiusz"]
[Black "Grinev, Valeriy"]
[Result "1/2-1/2"]
[WhiteElo "2498"]
[BlackElo "2416"]
[Annotator "TA RC"]
[PlyCount "116"]
[EventDate "2018.08.01"]
[EventType "swiss"]
[EventCountry "POL"]
[SourceTitle "playchess.com"]
[Source "ChessBase"]
[SourceQuality "1"]

{[%evp 25,116,25,18,-7,0,-12,42,47,53,22,25,0,48,18,18,26,16,30,11,14,25,22,19,24,22,23,19,0,3,9,19,0,0,0,0,0,0,0,0,-16,-20,-26,0,0,0,0,14,40,6,12,31,0,0,0,0,0,0,0,0,0,0,0,0,0,0,0,0,0,0,0,0,0,0,0,0,0,0,0,0,0,0,0,0,0,0,0,0,0,0,0,0,0,4618]} 1. d4 d5 2. c4 e6 3. Nc3 Nf6 4. cxd5 exd5 5. Bg5 c6 6. e3 Be7 7. Qc2 Nbd7 8. Bd3 h6 9. Bh4 Nh5 10. Bxe7 Qxe7 11. Nge2 Nb6 12. O-O-O {D36: Queen's Gambit Declined: Exchange Variation: Main line (5 Bg5 c6 6 Qc2)} (12. O-O O-O 13. Rae1 Be6 14. Nc1 Rad8 15. Nb3 Rfe8 16. Nc5 Bc8 17. b4 Nc4 18. Qe2 Qg5 19. f4 Qh4 20. Bxc4 dxc4 {0-1 (37) Navara,D (2724)-Adams,M (2740) Biel 2015 CBM 168 [Krasenkow,M]}) 12... Bd7 13. Kb1 O-O-O {[#] LiveBook: 5 Games} 14. Qb3 $146 ({Predecessor:} 14. Nc1 g6 15. Rhe1 Kb8 16. Nb3 Ng7 17. f3 Bf5 18. Bxf5 Nxf5 19. e4 dxe4 20. fxe4 {1-0 (31) Martinovic,S (2565)-Silva,L (2355) Heraklio 2017}) 14... Kb8 15. a4 {[%cal Ba2a4,Ba4a5][%mdl 32]} c5 (15... Be6 $11) 16. Qa3 $14 Rc8 17. a5 Nc4 18. Qa2 (18. Bxc4 $5 dxc4 19. e4 $11) 18... Be6 19. Bxc4 dxc4 20. d5 Bf5+ 21. Ka1 Bc2 22. Rd2 Bb3 $1 {[%cal Rb3a2]} 23. Qa3 Nf6 {[#]} 24. Nd4 $1 {[%mdl 512]} Ne4 (24... cxd4 25. Qxe7) 25. Nxb3 cxb3 26. Nxe4 Qxe4 27. Qxb3 Qxg2 28. Rc1 Rhd8 29. a6 {[%csl Ga6][%cal Rb3b7] [#]} b6 30. Qc4 Rc7 31. Rcd1 Qxh2 32. f4 Qg3 33. Qe4 Qg6 (33... f5 {with more complications.} 34. Qe5 g5 35. Ka2 gxf4 36. exf4 Qg6) 34. Qxg6 fxg6 $11 {[%mdl 4096] Endgame KRR-KRR} 35. e4 Re7 36. Re2 g5 37. fxg5 Re5 38. gxh6 (38. g6 {is interesting.} Kc7 39. Rf1 Re7 40. Ka2 Kd6 41. Kb3) 38... gxh6 {The position is equal.} 39. b4 cxb4 40. Kb2 h5 41. Kb3 h4 42. Kxb4 h3 43. Kc4 h2 44. Rxh2 Rxe4+ 45. Rd4 Rxd4+ 46. Kxd4 {Strongly threatening Rh7. KR-KR} Kc7 47. Rh6 Rd6 48. Rh5 Rd7 49. Rh1 Rg7 50. Rh6 Kd7 51. Kc4 Rg1 52. Rh7+ Kd6 53. Rxa7 {Threatens to win with Ra8.} Rc1+ 54. Kb3 Ra1 55. Kc4 Rc1+ 56. Kb4 {Black must now prevent Ra8.} Rb1+ 57. Kc3 {Hoping for Ra8.} Ra1 58. Kc4 Ke5 $2 {[%mdl 40960] Precision: White = 72%, Black = 66%. . An unexpected result.} (58... Rc1+ $11 59. Kb4 Ra1) 1/2-1/2

[Event "2nd Irena Warakomska Memorial-A"]
[Site "Suwalki"]
[Date "2018.08.08"]
[Round "9"]
[White "Caspi, Israel"]
[Black "Gleizerov, Evgeny"]
[Result "1-0"]
[WhiteElo "2454"]
[BlackElo "2507"]
[Annotator "TA"]
[PlyCount "75"]
[EventDate "2018.08.01"]
[EventType "swiss"]
[EventCountry "POL"]
[SourceTitle "playchess.com"]
[Source "ChessBase"]
[SourceQuality "1"]

{[%evp 23,75,39,59,41,40,37,41,47,61,54,66,66,61,60,64,47,115,114,128,117,126,125,110,102,105,112,130,98,150,100,179,170,180,169,209,209,214,202,229,219,217,188,275,268,340,313,362,355,337,365,645,411,1324,1278]} 1. e4 e6 2. d4 d5 3. Nd2 Nf6 4. e5 Nfd7 5. Bd3 c5 6. c3 Nc6 7. Ngf3 cxd4 8. cxd4 f6 9. exf6 Nxf6 10. O-O Bd6 11. b3 O-O {C06: French Tarrasch: 3...Nf6 4 e5 Nfd7 5 Bd3 main lines} 12. Bb2 Bd7 {LiveBook: 9 Games} 13. a3 a5 {White is slightly better.} 14. Ne5 Be8 {[#]} 15. Qf3 $146 ({Predecessor:} 15. Qe2 Bh5 16. Qe3 Qe7 17. Qh3 Rac8 18. f4 Bb8 19. Kh1 {1-0 (33) Dzhumaev,M (2502)-Volkov,S (2614) Tashkent 2015}) 15... Ne4 16. Qh3 Ng5 17. Qe3 Qe7 18. f4 {[#] aiming for Nxc6.} Nf7 19. Ndf3 Bxe5 (19... Nh6 $14) 20. dxe5 $16 Nh6 21. h3 Nf5 22. Bxf5 Rxf5 23. g4 $36 {[%cal Bg2g4,Bg4f5][%mdl 2080] White is in control.} Rf8 {[#]} 24. Bd4 $1 {[%cal Rd4c5]} Nxd4 25. Nxd4 Ra6 (25... Rc8 $142) 26. Kh2 Kh8 (26... Bg6 $16) 27. f5 $18 exf5 28. gxf5 Rh6 29. Rae1 {Strongly threatening f6!} Rh5 30. a4 Bd7 {[%cal Rd7f5]} 31. e6 Be8 32. Qe5 Bg6 (32... Rh4 {was necessary.} 33. Rf4 Qg5 34. Rxh4 Qxh4) 33. Re3 Rg5 34. Rf2 ({Don't play} 34. Qxd5 Rd8 $18) 34... Bh5 35. Qxd5 Rd8 36. Qe5 h6 $2 (36... Be8 37. Rc2 Qf6) 37. Re4 Qa3 (37... Rf8 $142 38. Rff4 Bg6 39. Qxa5 Rc8) 38. h4 {Precision: White = 79%, Black = 48%.} 1-0

[Event "2nd Irena Warakomska Memorial-A"]
[Site "Suwalki"]
[Date "2018.08.08"]
[Round "9"]
[White "Matviishen, Viktor"]
[Black "Stupak, Kirill"]
[Result "1-0"]
[WhiteElo "2437"]
[BlackElo "2573"]
[Annotator "TA"]
[PlyCount "67"]
[EventDate "2018.08.01"]
[EventType "swiss"]
[EventCountry "POL"]
[SourceTitle "playchess.com"]
[Source "ChessBase"]
[SourceQuality "1"]

{[%evp 16,67,12,10,19,12,22,20,7,8,25,-31,75,55,77,71,76,74,81,87,147,145,147,51,65,59,54,68,70,65,50,59,102,97,97,95,99,98,98,92,92,62,111,115,248,236,893,904,894,866,867,866,847,697]} 1. d4 g6 2. c4 Bg7 3. Nc3 e6 4. Nf3 Ne7 5. g3 d5 6. cxd5 exd5 7. Bg2 Nbc6 8. O-O O-O 9. e3 {LiveBook: 3 Games. A13: English Opening: 1...e6} (9. Bf4 Be6 10. Rc1 h6 11. h4 f6 12. e4 dxe4 13. Nxe4 b6 14. Re1 Qd7 15. Nc3 Bf7 16. d5 Nb4 17. d6 Nf5 18. dxc7 Qxd1 19. Rexd1 g5 20. Nd4 Nxd4 21. Rxd4 Rac8 22. Bd6 a5 23. Bxf8 Bxf8 24. Nb5 {1-0 (24) Lenic,L (2650)-Hujbert,F (2444) Hungary 2018}) 9... Bf5 10. Nh4 $146 ({Predecessor:} 10. b3 Qd7 11. Ba3 Rfe8 12. Rc1 Bf6 13. Ne1 b6 14. Qf3 Bg5 15. Bxe7 Nxe7 16. Nxd5 Nxd5 17. Qxd5 Qxd5 18. Bxd5 {1-0 (27) Arsovic,Z (2416)-Dobrijevic,M (2188) Vrnjacka Banja 2006}) 10... Be6 11. h3 {The position is equal.} Qd7 12. Kh2 h6 13. f4 (13. b3 $11) 13... f6 (13... h5 $15 {stays ahead.}) 14. f5 $1 $16 {[%cal Rf5e6]} Bxf5 15. Nxf5 Nxf5 16. Nxd5 Kh7 17. Nf4 {Nxg6! is the strong threat.} Qd6 ({Better is} 17... Nd6) 18. Qg4 Nfe7 19. Ne6 ({White should try} 19. Qe6 $16) 19... Rf7 {Threatening ...f5.} 20. Nxg7 Kxg7 21. Bd2 Rd8 22. Rac1 f5 23. Qf3 Nd5 24. e4 $1 {[%cal Re4d5]} Nxd4 25. Qf2 $1 Nf6 26. Bf4 Qb6 27. exf5 Nxf5 28. Qxb6 cxb6 {[#]} 29. g4 $1 {[%cal Rg4f5]} Nh4 {[#]} (29... Nd4 $16) 30. Be5 $1 $18 {[%cal Re5f6]} g5 $2 (30... Rdd7 31. Bd5 Rf8) 31. Bxf6+ $1 {White is clearly winning.} Rxf6 32. Rc7+ Kg8 33. Rxf6 Rd2 34. Re6 {Precision: White = 68%, Black = 26%.} 1-0